| 000 | 01271nam a2200241Ia 4500 | ||
|---|---|---|---|
| 999 |
_c39787 _d39787 |
||
| 001 | 6392 | ||
| 003 | GE_BSU | ||
| 005 | 20230803120902.0 | ||
| 008 | 181216s2002||||ge |||||||||||||| ||geo|| | ||
| 020 | _a9992885238 | ||
| 040 | _cGE_BSU | ||
| 041 | _ageo | ||
| 080 | _a725(075.8)+624 კ-81 | ||
| 100 |
_aკრასენსკი, ვ. ე. _919588 |
||
| 245 |
_aსამოქალაქო და სამრეწველო შენობები / _cვ. ე. კრასენსკი ; მთარგმნ. : დავით კომახიძე, თეიმურაზ კომახიძე, რედ. ნოდარ მგალობლიშვილი. |
||
| 264 |
_aბათუმი : _bგამ–ბა აჭარა, _c2002. |
||
| 300 |
_a306 გვ. ; _bილ. _c27 სმ. _eცხრ. |
||
| 653 | _aსამოქალაქო და სამრეწველო შენობები | ||
| 700 |
_aკომახიძე, დავით _eმთარგმნელი _916548 |
||
| 700 |
_aკომახიძე, თეიმურაზ _eმთარგმნელი _93432 |
||
| 700 |
_aმგალობლიშვილი, ნოდარ _eრედაქტორი _919589 |
||
| 942 |
_cBK _2udc |
||